| 000 | 00990nmm a2200301 a 4500 | ||
|---|---|---|---|
| 001 | ocm0001864932 | ||
| 003 | TR-IsHL | ||
| 005 | 20201028172710.0 | ||
| 008 | 180528s2018 tu eng | ||
| 007 | cr cn | ||
| 020 | _a9786052259832 | ||
| 035 |
_a1864932 _b(N$T) |
||
| 050 | 0 | 4 |
_aQ115 _b.M86 2018 |
| 090 | 0 | 4 |
_aQ115 _b.M86 2018 |
| 100 | 1 | _aMoss, Edward L. | |
| 245 | 1 | 0 |
_aShores of the polar sea: a narrative of arctic expedition _h[electronic resource] / _cEdward L. Moss |
| 250 | _aFirst edition | ||
| 260 |
_aİstanbul : _bE-Kitap Projesi, _c2018 |
||
| 300 | _a172 p. | ||
| 650 | 4 | _aGenel Çalışmalar | |
| 650 | 4 | _aGeneral Works | |
| 650 | 0 | _aBilimsel keşif | |
| 650 | 0 | _aScientific discovery | |
| 650 | 0 | _aKuzeybatısında açıklama ve seyahat bölgeleri | |
| 650 | 0 | _aNorthward Explanation and Travel Zones | |
| 650 | 7 |
_aSCIENCE / General _2bisacsh |
|
| 856 | 4 | 0 | _uhttp://search.ebscohost.com/login.aspx?direct=true&scope=site&db=e011xww&AN=1864932 |
| 999 |
_c17331 _d17331 |
||